| 000 | 00857cam a22002895a 4500 | ||
|---|---|---|---|
| 001 | 016284579 | ||
| 003 | OSt | ||
| 005 | 20160215153621.0 | ||
| 008 | 130213s2013 enk frb 001 0 eng d | ||
| 020 | _a9781137293701 (pbk.) | ||
| 040 |
_aStDuBDS _beng _cStDuBDS _dUk _dEG-ScBUE |
||
| 082 | 0 | 4 |
_a346.4202 _222 _bMCK |
| 100 | 1 |
_aMcKendrick, Ewan. _939358 |
|
| 245 | 1 | 0 |
_aContract law / _cEwan McKendrick. |
| 250 | _a10th ed. | ||
| 260 |
_aHampshire ; _aNew York : _bPalgrave Macmillan, _c2013. |
||
| 300 |
_axxxiii, 390 p. ; _c25 cm. |
||
| 490 | 0 | _aPalgrave Macmillan law masters. | |
| 500 | _aPrevious edition: 2011. | ||
| 500 | _aIndex : p. 387-390. | ||
| 504 | _aBibliography : p. 379-385. | ||
| 650 | 0 |
_aContracts _zEngland. _2BUEsh _923175 |
|
| 650 | 0 |
_aContracts _zWales. _2BUEsh |
|
| 651 | _2BUEsh | ||
| 653 |
_bGGEN _cFebruary2016 |
||
| 942 | _2ddc | ||
| 999 |
_c21157 _d21129 |
||